Samoty vzdálené až na počátek / Jindřich Zogata ; ilustr. Petr Skácel ; obálka a graf. úprava Zbyněk Janáček
Sbírka básní autora z česko-polského pomezí je charakteristická osobitým básnickým výrazem, bohatou metaforikou a láskou ke krajině v okolí Beskyd.
Record details
- ISBN: 80-85491-47-8
- Physical Description: 144 s. : obr. ; 20 cm
- Edition: 1. vyd.
- Publisher: Ostrava : Sfinga, 1993
Search for related items by subject
| Genre: | česká poezie |
Available copies
- 1 of 1 copy available at Common Catalog SPOK.
Holds
- 0 current holds with 1 total copy.
Show Only Available Copies
| Location | Call Number / Copy Notes | Barcode | Shelving Location | Status | Due Date |
|---|---|---|---|---|---|
| Jabok Library | BL-3/Z | 424480012736 | Beletrie | Available | - |
| LDR | 01923nam a2200493 a 4500 | ||
|---|---|---|---|
| 001 | 11303 | ||
| 003 | CZ-PrJAB | ||
| 005 | 20200320070051.0 | ||
| 007 | tu | ||
| 008 | 940426s1993 xr a g 000 p cze | ||
| 015 | . | ‡acnb000082415 | |
| 020 | . | ‡a80-85491-47-8 ‡q(brož.) : ‡cKč 35,00 | |
| 035 | . | ‡a(CZ PrSKC)slk19960000955 | |
| 035 | . | ‡a(OCoLC)32922356 | |
| 040 | . | ‡aABA001 ‡bcze ‡dABA004 | |
| 072 | 7. | ‡a821.162.3-1 ‡xČeská poezie ‡2Konspekt ‡925 | |
| 080 | . | ‡a885.0-1 ‡2MRF-sel | |
| 100 | 1 | . | ‡aZogata, Jindřich, ‡d1941- ‡7jk01152775 ‡4aut |
| 245 | 1 | 0. | ‡aSamoty vzdálené až na počátek / ‡cJindřich Zogata ; ilustr. Petr Skácel ; obálka a graf. úprava Zbyněk Janáček |
| 250 | . | ‡a1. vyd. | |
| 260 | . | ‡aOstrava : ‡bSfinga, ‡c1993 ‡e(Šenov : ‡fTiskárna Oldřich Harok) | |
| 300 | . | ‡a144 s. : ‡bobr. ; ‡c20 cm | |
| 520 | . | ‡aSbírka básní autora z česko-polského pomezí je charakteristická osobitým básnickým výrazem, bohatou metaforikou a láskou ke krajině v okolí Beskyd. | |
| 655 | 7. | ‡ačeská poezie ‡7fd133958 ‡2czenas | |
| 700 | 1 | . | ‡aSkácel, Petr, ‡d1924-1993 ‡7jn99240001088 ‡4ill |
| 910 | . | ‡aABG312 | |
| 995 | . | ‡aska | |
| 901 | . | ‡a11303 ‡bCZ PrSKC ‡c11303 ‡tbiblio | |